| 000 | 00918nas a2200313 4500 | ||
|---|---|---|---|
| 001 | BR2012003951 | ||
| 003 | BR-BrBNA | ||
| 005 | 20231205120637.0 | ||
| 007 | ta | ||
| 008 | 230509b bl.|||p| |||| 00| 00por d | ||
| 040 |
_aBR-BrBNA _bpor _cBiblioteca Nacional de Agricultura |
||
| 041 | _a(Pt) | ||
| 072 | _aJ10; E16 | ||
| 100 | 1 | _aFerrari Filho, E. | |
| 100 | 1 | _aGottardi, R. | |
| 100 | 1 | _aDionello, R.G. | |
| 245 | 1 | _aCustos da secagem intermitente de grãos de milho submetidos a três temperaturas do ar de secagem (60, 70 e 80ºC) | |
| 650 | _aMILHO | ||
| 650 | _aGRÃO | ||
| 650 | _aSECAGEM | ||
| 650 | _aTEMPERATURA | ||
| 650 | _aAR | ||
| 650 | _aCUSTO | ||
| 650 | _aCOMBUSTÍVEL | ||
| 650 | _aPETRÓLEO | ||
| 773 | 0 |
_tPesquisa Agropecuária Gaúcha (Brazil) _xISSN 0104-9070 _g(2010), v. 16(1-2) p. 17-21 _wBR2012003951 |
|
| 909 |
_a202311 _bLúcia _c55 _dLúcia Elande |
||
| 942 |
_2AGRIS _n0 _cANA |
||
| 999 |
_c219534 _d219534 |
||